000
00227nam a2200097Ia 4500
008
120527s9999 xx 000 0 und d
100
_a
CARAWAY,Caren.
245
_a
The Mayan design book.
260
_b
Stemmer House
942
_c
BK
999
_c
24072
_d
24072